Diseño geométrico vial y diseño de pavimento con adoquín en el tramo la Sirena - empalme El Regadío en el municipio de Estelí, Nicaragua
Presenta el diseño geométrico vial y diseño de pavimento con adoquín en el tramo la Sirena - empalme El Regadio en el municipio de Estelí, Nicaragua la cual comprende la información y los criterios necesarios para el diseño de la estructura de pavimento articulado (adoquín), aplicando el...
| Main Authors: | , , |
|---|---|
| Other Authors: | |
| Format: | Tesis Section = Libro |
| Language: | Undetermined Spanish |
| Published: |
Managua
UNI
2014
|
| Subjects: |
| LEADER | 01710nam a2200277Ia 4500 | ||
|---|---|---|---|
| 008 | 240830s9999 xx 000 0 und d | ||
| 040 | |a BIBLIOTECA-RUPAP T.Mon 625.8 C961 | ||
| 041 | |a spa | ||
| 082 | |a T.Mon 625.8 C961 | ||
| 100 | 1 | |a Cuadras Urbina, Dionis David | |
| 100 | 1 | |b Tórrez Mairena, Miguel Ángel | |
| 100 | 1 | |c Morazán, Franklin Mauricio | |
| 245 | 1 | 0 | |a Diseño geométrico vial y diseño de pavimento con adoquín en el tramo la Sirena - empalme El Regadío en el municipio de Estelí, Nicaragua |
| 260 | |a Managua |b UNI |c 2014 | ||
| 300 | |a 80 p. :il. | ||
| 500 | |a Contiene: anexos. | ||
| 502 | |a Tesis (Ingeniero Civil)- UNI, 2014. | ||
| 520 | 3 | |a Presenta el diseño geométrico vial y diseño de pavimento con adoquín en el tramo la Sirena - empalme El Regadio en el municipio de Estelí, Nicaragua la cual comprende la información y los criterios necesarios para el diseño de la estructura de pavimento articulado (adoquín), aplicando el método AASHTO – 93, se realiza el estudio de suelo en el cual se analizan las características físico mecánicas de los suelos que soportaran las cargas inducidas, el análisis granulométrico y su respectiva clasificación, el CBR del diseño, las características de los banco de materiales, el estudio de tránsito para determinar el transito promedio semanal y el levantamiento topográfico altimétrico y planimetrico, utilizando equipo de estación total. | |
| 650 | 7 | |a PAVIMENTOS | |
| 650 | 7 | |b PAVIMENTOS-DISEÑO Y CONSTRUCCION | |
| 650 | 7 | |c ESTUDIO SUELOS | |
| 650 | 7 | |d ESTUDIO DE TRANSITO | |
| 700 | 1 | |a Tutor: |b Bustamante Arteaga, José Fernando | |
| 942 | |c BK |2 ddc | ||
| 991 | |a TESIS | ||
| 999 | |c 18205 | ||